000 00612nam a22001937a 4500
999 _c525538
_d525538
003 NUST
005 20190703045013.0
008 190703b ||||| |||| 00| 0 eng d
038 _aMr. Zahoor
082 _a620.5
100 _aIshtiq, Fatima
_916437
245 _aInvestigation of Dielectric Properties of Ni(CuAg)Fe2 O4 / Graphene Nanocomposite /
_cFatima Ishtiaq
260 _aIslambad :
_bSCME NUST,
_c2019.
300 _aix, 70 p. : ill.;
_c30cm.
500 _aHardcover.
650 _aNano science and Engineering - MS Thesis
_916438
700 _aDr. Iftikhar Hussain Gull
_916439
942 _2ddc
_cTHE